Normal view
MARC view
- مؤمن، طاهر
Entry Personal Name
001 - CONTROL NUMBER
- control field: 32485
003 - CONTROL NUMBER IDENTIFIER
- control field: JO-AjAnu
005 - DATE AND TIME OF LATEST TRANSACTION
- control field: 20230606075447.0
008 - FIXED-LENGTH DATA ELEMENTS
- fixed length control field: 230606|| aca||aabn | a|a d
040 ## - CATALOGING SOURCE
- Original cataloging agency: JO-AjAnu
- Transcribing agency: JO-AjAnu
100 ## - HEADING--PERSONAL NAME
- Personal name: مؤمن، طاهر
670 ## - SOURCE DATA FOUND
- Source citation: Work cat.: (JO-AjAnu)16688: مؤمن، طاهر, author, عقد بيع الاوراق المالية في البورصة